000 00550nam a2200217Ia 4500
005 20250326145611.0
008 250326s9999 xx 000 0 und d
037 _aTextbook
040 _aFMSL
_beng
_cFMSL
041 _aeng
_2eng
084 _aX:89A Q7
_qFMSL
100 _aBasu R
245 0 _aManaging global supply chains
_cBasu R; Wright J N
250 _a2
260 _aNY
_bNY, Routledge
_c2017
300 _a469p
365 _aUKP
_b50.99
650 _aManagement
942 _cTB
_hX:89A Q7
999 _c1308134
_d1308134